El IVA y la correción de la incidencia de la inflación (Registro nro. 27682)

Detalles MARC
000 -LEADER
fixed length control field 00345 a2200109 4500
001 - CONTROL NUMBER
control field ART_19097
005 - DATE AND TIME OF LATEST TRANSACTION
control field 20260410161921.0
008 - FIXED-LENGTH DATA ELEMENTS--GENERAL INFORMATION
fixed length control field 260409a
100 1# - MAIN ENTRY--PERSONAL NAME
Personal name Chalupowicz, Israel
245 10 - TITLE STATEMENT
Title El IVA y la correción de la incidencia de la inflación
773 0# - HOST ITEM ENTRY
Title La información
Related parts - Tomo XXXIX, Nº 591 (mar. 1979)
Record control number REV14902

No hay ítems disponibles.